Fit in 5 (Record no. 11316)

MARC details
000 -LEADER
fixed length control field 00227nam a22000977a 4500
008 - FIXED-LENGTH DATA ELEMENTS--GENERAL INFORMATION
fixed length control field 190219b ||||| |||| 00| 0 eng d
020 ## - INTERNATIONAL STANDARD BOOK NUMBER
International Standard Book Number 9780736082716
100 ## - MAIN ENTRY--PERSONAL NAME
Personal name Whyte
9 (RLIN) 7057
245 ## - TITLE STATEMENT
Title Fit in 5
260 ## - PUBLICATION, DISTRIBUTION, ETC. (IMPRINT)
Place of publication, distribution, etc. USA
Name of publisher, distributor, etc. Kinetics
Date of publication, distribution, etc. 2009
Holdings
Withdrawn status Lost status Source of classification or shelving scheme Damaged status Koha normalized classification for sorting Not for loan Home library Current library Shelving location Date acquired Total Checkouts Full call number Barcode Date last seen Price effective from Koha item type
    Dewey Decimal Classification   613_000000000000000_K2 Not For Loan Good Samaritan School Library Good Samaritan School Library Sports & Games 02/19/2019   613 K-2 WHY15243 02/19/2019 02/19/2019 BOOK

Powered by Koha